Familia y comunidad
| Údar corparáideach: | |
|---|---|
| Formáid: | LEABHAR |
| Teanga: | Spáinnis |
| Foilsithe / Cruthaithe: |
Bogotá, Colombia :
Corporación integral para el desarrollo cultural,
1979
|
| Ábhair: |
MARC
| LEADER | 00000nam a2200000Ia 4500 | ||
|---|---|---|---|
| 008 | 170320b1979 cr ||||| |||| 00| | spa d | ||
| 999 | |c 1164 |d 1164 | ||
| 090 | |a 306.8 |b F-198fa4 | ||
| 110 | 2 | |a Corporación Integral para el Desarrollo Cultural y Social |9 2590 | |
| 245 | 1 | 0 | |a Familia y comunidad |
| 260 | |a Bogotá, Colombia : |b Corporación integral para el desarrollo cultural, |c 1979 | ||
| 300 | |a 222 páginas | ||
| 650 | 1 | 4 | |a FAMILIA |9 404 |
| 650 | 1 | 4 | |a COMUNIDADES |9 519 |
| 942 | |i 366425 |h 306.8 F-198fa4 |2 z |c 01 | ||
